[Event "CYCC U12"]
[Site "Sault Ste Marie CAN"]
[Date "2017.07.09"]
[Round "6.64"]
[White "Mukherjee, Pranoy"]
[Black "Gaisinsky, Jacob"]
[Result "1-0"]
[WhiteElo "865"]
[BlackElo "943"]
[WhiteFideId "-1"]
[WhiteFideId "-1"]
[PlyCount "79"]
[GameId "2160767908410399"]
[EventDate "2017.07.06"]
[EventType "swiss"]
[EventRounds "7"]
[EventCountry "CAN"]
[SourceTitle "hb 2017"]

1. d4 Nf6 2. c4 e6 3. Nc3 Bb4 4. Qc2 O-O 5. Nf3 b6 6. Bg5 Bb7 7. e3 Be4 8. Bxf6 Bxc2 9. Bxd8 Rxd8 10. Rc1 Be4 11. a3 Bxf3 12. axb4 Bb7 13. e4 Nc6 14. d5 Nxb4 15. Be2 exd5 16. cxd5 Re8 17. O-O Rac8 18. f3 f5 19. Rfd1 fxe4 20. fxe4 Ba6 21. Bxa6 Nxa6 22. Rd4 Nc5 23. Re1 a5 24. Nb5 c6 25. Nd6 Nb3 26. Rdd1 cxd5 27. Nxe8 Rxe8 28. exd5 Rf8 29. Re7 d6 30. Rb7 a4 31. Rxb6 Rf6 32. Rb8+ Kf7 33. Rf1 Rxf1+ 34. Kxf1 Nd2+ 35. Ke2 Nb3 36. Kd3 Nc5+ 37. Kc4 g5 38. Rb6 Ke7 39. Kb5 h5 40. Kc6 1-0

[Event "CYCC U12"]
[Site "Sault Ste Marie CAN"]
[Date "2017.07.09"]
[Round "6.65"]
[White "Feng, Richard2"]
[Black "Stopic, Alexander"]
[Result "1/2-1/2"]
[WhiteElo "1164"]
[BlackElo "1502"]
[WhiteFideId "-1"]
[WhiteFideId "-1"]
[PlyCount "75"]
[GameId "2160767908410400"]
[EventDate "2017.07.06"]
[EventType "swiss"]
[EventRounds "7"]
[EventCountry "CAN"]
[SourceTitle "hb 2017"]

1. d4 d5 2. c4 c6 3. Nf3 Nf6 4. cxd5 cxd5 5. Nc3 Nc6 6. h3 e6 7. Bg5 h6 8. Bh4 Be7 9. Bxf6 Bxf6 10. e3 a6 11. Be2 Qb6 12. Qd2 O-O 13. O-O Bd7 14. Na4 Qa7 15. Nc5 Rfd8 16. Rfd1 Be8 17. Rac1 Rac8 18. Qd3 Nb8 19. Qb3 Bc6 20. Qa3 Be7 21. b4 Qb6 22. Ne5 Bb5 23. Bxb5 Qxb5 24. Qb3 Bxc5 25. Rxc5 Rxc5 26. bxc5 Qxb3 27. axb3 Nc6 28. Nxc6 bxc6 29. Ra1 Ra8 30. f3 Kf8 31. Kf2 Ke7 32. e4 Kd7 33. b4 Kc7 34. Ke3 Kb7 35. e5 Rb8 36. Kd3 Ka7 37. Kc3 Rb5 38. Ra5 1/2-1/2

[Event "CYCC U12"]
[Site "Sault Ste Marie CAN"]
[Date "2017.07.08"]
[Round "6.66"]
[White "Vo, Andy"]
[Black "Joseph Benher, Savio"]
[Result "1-0"]
[WhiteElo "1512"]
[BlackElo "1344"]
[WhiteFideId "-1"]
[WhiteFideId "-1"]
[PlyCount "79"]
[GameId "2160767908410401"]
[EventDate "2017.07.06"]
[EventType "swiss"]
[EventRounds "7"]
[EventCountry "CAN"]
[SourceTitle "hb 2017"]

1. e4 e6 2. d4 d5 3. Nd2 dxe4 4. Nxe4 Nd7 5. Nf3 Ngf6 6. Ng3 Be7 7. Bd3 O-O 8. O-O b6 9. c3 Bb7 10. Re1 c5 11. Bd2 cxd4 12. Nxd4 Nc5 13. Bc2 Qc7 14. Qe2 Rfd8 15. Rad1 Bd5 16. Bb1 Rac8 17. Bc1 Qb7 18. Qf1 a6 19. c4 Bc6 20. Nxc6 Qxc6 21. b3 a5 22. Bb2 Rxd1 23. Rxd1 Rd8 24. Rxd8+ Bxd8 25. Qd1 Qd7 26. Qe2 Be7 27. h3 h6 28. Bc2 a4 29. b4 Na6 30. a3 Kf8 31. Bc3 Ke8 32. Ne4 Nxe4 33. Bxe4 g6 34. Qf3 Qc7 35. Qe2 h5 36. Bc2 Qd7 37. Qe5 Bd6 38. Qh8+ Bf8 39. Bg7 Qd6 40. Bxa4+ 1-0

[Event "CYCC U12"]
[Site "Sault Ste Marie CAN"]
[Date "2017.07.09"]
[Round "6.68"]
[White "Chakkoli, Anirud"]
[Black "Yim, Justin"]
[Result "1-0"]
[WhiteElo "1174"]
[BlackElo "748"]
[WhiteFideId "-1"]
[WhiteFideId "-1"]
[PlyCount "53"]
[GameId "2160767908410403"]
[EventDate "2017.07.06"]
[EventType "swiss"]
[EventRounds "7"]
[EventCountry "CAN"]
[SourceTitle "hb 2017"]

1. e4 e5 2. Nf3 Nc6 3. d4 d6 4. d5 Nce7 5. c4 Nf6 6. Be2 g6 7. Nc3 Bg7 8. O-O O-O 9. Bg5 Bd7 10. c5 h6 11. Bh4 b6 12. c6 Bg4 13. h3 Bxf3 14. Bxf3 a6 15. Qd2 b5 16. a3 Nc8 17. Be2 Nxe4 18. Nxe4 Qxh4 19. f4 Qe7 20. f5 gxf5 21. Rxf5 Nb6 22. Raf1 Nc4 23. Bxc4 bxc4 24. Nf6+ Bxf6 25. Rxf6 Kg7 26. Qxh6+ Kg8 27. Qg5+ 1-0

[Event "CYCC U12"]
[Site "Sault Ste Marie CAN"]
[Date "2017.07.09"]
[Round "6.69"]
[White "Greco, Justin"]
[Black "Joseph, Clarin X"]
[Result "1-0"]
[WhiteElo "918"]
[BlackElo "711"]
[WhiteFideId "-1"]
[WhiteFideId "-1"]
[PlyCount "159"]
[GameId "2160767908410404"]
[EventDate "2017.07.06"]
[EventType "swiss"]
[EventRounds "7"]
[EventCountry "CAN"]
[SourceTitle "hb 2017"]

1. e4 e5 2. Nf3 Nc6 3. Bb5 Bd6 4. Nc3 a6 5. Bxc6 dxc6 6. d3 Qe7 7. a3 Nf6 8. O-O Be6 9. d4 Rd8 10. d5 Bc5 11. Bg5 h6 12. Bxf6 Qxf6 13. h3 O-O 14. Qe2 Bc8 15. Rad1 Rfe8 16. dxc6 bxc6 17. Rxd8 Rxd8 18. Rd1 Re8 19. b4 Be7 20. a4 Bxb4 21. Qd2 Be6 22. Nd5 cxd5 23. Qxb4 dxe4 24. Qxe4 Bf5 25. Qe2 e4 26. Nd4 Bc8 27. Qe3 Bb7 28. Rb1 Bd5 29. Rd1 Qe5 30. Ne2 Bc4 31. Nf4 Rb8 32. f3 Re8 33. Rd4 exf3 34. Qxe5 Rxe5 35. Rxc4 Re1+ 36. Kf2 fxg2 37. Kxg2 Re7 38. Rc6 g5 39. Nd5 Re2+ 40. Kf3 Rh2 41. Ne7+ Kg7 42. Nf5+ Kg8 43. Rxh6 g4+ 44. Kxg4 Rg2+ 45. Kh4 Rxc2 46. Kg5 Rg2+ 47. Kh5 f6 48. Rxf6 Rh2 49. Rg6+ Kf7 50. Nh6+ Kf8 51. Rg8+ Ke7 52. h4 c5 53. Nf5+ Ke6 54. Ng7+ Kd5 55. Rd8+ Ke4 56. Kg5 c4 57. Rc8 Kd4 58. Nf5+ Kd3 59. Rd8+ Ke4 60. Ng3+ Ke5 61. Re8+ Kd4 62. Re4+ Kc3 63. Re3+ Kd4 64. Kf4 Rxh4+ 65. Kf3 Rh3 66. Kf2 c3 67. Ne2+ Kc4 68. Rxh3 Kb4 69. Rh4+ Ka5 70. Nxc3 Kb6 71. Rh5 a5 72. Ne4 Ka7 73. Ke3 Ka6 74. Kd4 Ka7 75. Kc5 Ka6 76. Rh6+ Ka7 77. Rb6 Ka8 78. Nd6 Ka7 79. Kc6 Ka8 80. Kc7 1-0

[Event "CYCC U12"]
[Site "Sault Ste Marie CAN"]
[Date "2017.07.09"]
[Round "6.70"]
[White "Mugunthan, Vaamanan"]
[Black "Sotnikov, Alexander2"]
[Result "1-0"]
[WhiteElo "865"]
[BlackElo "651"]
[WhiteFideId "-1"]
[WhiteFideId "-1"]
[PlyCount "107"]
[GameId "2160767908410405"]
[EventDate "2017.07.06"]
[EventType "swiss"]
[EventRounds "7"]
[EventCountry "CAN"]
[SourceTitle "EXT 2022"]
[Source "ChessBase"]
[SourceDate "2021.10.06"]
[SourceVersion "1"]
[SourceVersionDate "2021.10.06"]
[SourceQuality "1"]

1. e4 e5 2. Nf3 Nf6 3. Nc3 Bb4 4. d3 Nc6 5. Bd2 O-O 6. Be2 d6 7. a3 Bc5 8. O-O Ng4 9. b4 Bxf2+ 10. Rxf2 Nxf2 11. Kxf2 Bg4 12. Kg1 Bxf3 13. Bxf3 Nd4 14. Bg4 Re8 15. Ne2 c5 16. Nxd4 cxd4 17. Qf3 Re7 18. Bf5 f6 19. Qh3 g6 20. Be6+ Kh8 21. Bd5 Qd7 22. Qxd7 Rxd7 23. Bh6 f5 24. exf5 gxf5 25. Rf1 f4 26. g3 fxg3 27. hxg3 Re8 28. Rf8+ Rxf8 29. Bxf8 Rc7 30. Bxd6 Rd7 31. Bxe5+ Rg7 32. Bxd4 b6 33. Bxg7+ Kxg7 34. Kf2 Kf6 35. Kf3 Ke5 36. Be4 h6 37. Ke3 Kd6 38. Kd4 Ke6 39. c4 a6 40. c5 bxc5+ 41. bxc5 Kd7 42. Ke5 Ke7 43. Kd5 Kd7 44. Bf5+ Kc7 45. Ke6 Kc6 46. d4 Kc7 47. d5 a5 48. d6+ Kd8 49. c6 Ke8 50. c7 Kf8 51. c8=Q+ Kg7 52. Qd7+ Kg8 53. Qf7+ Kh8 54. Qf8# 1-0

[Event "CYCC U12"]
[Site "Sault Ste Marie CAN"]
[Date "2017.07.10"]
[Round "7.54"]
[White "Huang, Patrick"]
[Black "Zhao, Jonathan"]
[Result "1-0"]
[WhiteElo "2003"]
[BlackElo "1692"]
[WhiteFideId "-1"]
[WhiteFideId "-1"]
[PlyCount "69"]
[GameId "2160767908410410"]
[EventDate "2017.07.06"]
[EventType "swiss"]
[EventRounds "7"]
[EventCountry "CAN"]
[SourceTitle "EXT 2022"]
[Source "ChessBase"]
[SourceDate "2021.10.06"]
[SourceVersion "1"]
[SourceVersionDate "2021.10.06"]
[SourceQuality "1"]

1. e4 d5 2. exd5 Qxd5 3. Nc3 Qa5 4. d4 Nf6 5. Nf3 c6 6. Ne5 Nbd7 7. Nc4 Qc7 8. g3 Nd5 9. Nxd5 cxd5 10. Bf4 Qc6 11. Ne3 e6 12. Bg2 Qb6 13. O-O Bd6 14. Bxd6 Qxd6 15. c4 dxc4 16. Nxc4 Qa6 17. Qb3 O-O 18. Qb4 Rb8 19. Rfc1 Nf6 20. Nd6 Nd5 21. Bxd5 exd5 22. Rc7 Bh3 23. Qc5 Rbd8 24. Nxb7 Qe2 25. Qc3 Qe4 26. f3 Qe2 27. Qc2 Rde8 28. Nd6 Re6 29. Qxe2 Rxe2 30. Rxa7 Rxb2 31. a4 Rfb8 32. a5 h6 33. Kh1 Rg2 34. Rb7 Rd8 35. a6 1-0

[Event "CYCC U12"]
[Site "Sault Ste Marie CAN"]
[Date "2017.07.10"]
[Round "7.55"]
[White "Doknjas, Neil"]
[Black "Tanaka, Tyler"]
[Result "0-1"]
[WhiteElo "1844"]
[BlackElo "2085"]
[WhiteFideId "-1"]
[WhiteFideId "-1"]
[PlyCount "62"]
[GameId "2160767908410411"]
[EventDate "2017.07.06"]
[EventType "swiss"]
[EventRounds "7"]
[EventCountry "CAN"]
[SourceTitle "EXT 2022"]
[Source "ChessBase"]
[SourceDate "2021.10.06"]
[SourceVersion "1"]
[SourceVersionDate "2021.10.06"]
[SourceQuality "1"]

1. e4 c5 2. Nf3 d6 3. d4 cxd4 4. Nxd4 Nf6 5. Nc3 g6 6. Be3 Bg7 7. f3 Nc6 8. Qd2 O-O 9. g4 Be6 10. O-O-O Nxd4 11. Bxd4 Qa5 12. a3 Rab8 13. Kb1 Rfc8 14. h4 b5 15. Qg5 h6 16. Qd2 b4 17. Ne2 Qa4 18. Nf4 bxa3 19. c4 axb2 20. Be2 Bxc4 21. Bxc4 Rxc4 22. Bc3 Nxe4 23. fxe4 Rxc3 24. Qxc3 Bxc3 25. Nd5 Qxe4+ 26. Ka2 Bg7 27. Rhe1 Qc4+ 28. Kb1 e6 29. Ne3 Qa4 30. g5 Rc8 31. Nc4 Rxc4 0-1

[Event "CYCC U12"]
[Site "Sault Ste Marie CAN"]
[Date "2017.07.10"]
[Round "7.56"]
[White "Noorali, Aahil"]
[Black "Zhao, Jeffrey Renfei"]
[Result "1-0"]
[WhiteElo "2043"]
[BlackElo "1525"]
[WhiteFideId "-1"]
[WhiteFideId "-1"]
[PlyCount "71"]
[GameId "2160767908410412"]
[EventDate "2017.07.06"]
[EventType "swiss"]
[EventRounds "7"]
[EventCountry "CAN"]
[SourceTitle "hb 2017"]

1. d4 d5 2. c4 c6 3. Nc3 Nf6 4. e3 a6 5. Bd3 Bg4 6. f3 Bh5 7. cxd5 cxd5 8. Qb3 b5 9. a4 bxa4 10. Qxa4+ Nbd7 11. Qc6 e6 12. Nge2 Be7 13. O-O a5 14. Qa4 O-O 15. Qc2 e5 16. Bf5 Bg6 17. Bxg6 hxg6 18. Rd1 Qc7 19. Qb3 exd4 20. Nxd4 Nc5 21. Nxd5 Nxb3 22. Nxc7 Nxa1 23. Nxa8 Rxa8 24. Bd2 Bb4 25. Be1 Nd5 26. Rxa1 Bxe1 27. Rxe1 Rb8 28. b3 Rb4 29. Kf2 f5 30. g3 Nc3 31. Rc1 Nb5 32. Rc8+ Kf7 33. Rb8 Nc3 34. Rxb4 axb4 35. Ke1 Ke7 36. Nc6+ 1-0

[Event "CYCC U12"]
[Site "Sault Ste Marie CAN"]
[Date "2017.07.10"]
[Round "7.57"]
[White "Wu, Tony (Dongze)"]
[Black "Zhao, Ian"]
[Result "1-0"]
[WhiteElo "1734"]
[BlackElo "1930"]
[WhiteFideId "-1"]
[WhiteFideId "-1"]
[PlyCount "64"]
[GameId "2160767908410413"]
[EventDate "2017.07.06"]
[EventType "swiss"]
[EventRounds "7"]
[EventCountry "CAN"]
[SourceTitle "hb 2017"]

1. d4 Nf6 2. c4 g6 3. Nf3 Bg7 4. g3 O-O 5. Bg2 d6 6. Nc3 Nc6 7. d5 Na5 8. Nd2 c5 9. O-O a6 10. a3 Qc7 11. Qc2 Bd7 12. b3 b5 13. Bb2 Rab8 14. Rab1 Rb7 15. Nce4 Bf5 16. Nxf6+ exf6 17. e4 Bd7 18. Rfe1 bxc4 19. bxc4 Rfb8 20. Bc3 h5 21. Rxb7 Rxb7 22. Rb1 Ra7 23. Qb2 Nb7 24. Bxf6 Bxf6 25. Qxf6 Ba4 26. Qb2 Na5 27. Qb8+ Qxb8 28. Rxb8+ Kg7 29. Rb6 Nb7 30. Bh3 Na5 31. Bc8 Bc2 32. Rxd6 Bd3 1-0

[Event "CYCC U12"]
[Site "Sault Ste Marie CAN"]
[Date "2017.07.10"]
[Round "7.58"]
[White "Xiang, Christopher"]
[Black "Rusonik, Max"]
[Result "0-1"]
[WhiteElo "1271"]
[BlackElo "1846"]
[WhiteFideId "-1"]
[WhiteFideId "-1"]
[PlyCount "102"]
[GameId "2160767908410414"]
[EventDate "2017.07.06"]
[EventType "swiss"]
[EventRounds "7"]
[EventCountry "CAN"]
[SourceTitle "hb 2017"]

1. e4 e5 2. Nf3 Nc6 3. d4 exd4 4. Nxd4 Nf6 5. Nc3 Bb4 6. Nxc6 bxc6 7. Bd3 d6 8. h3 h6 9. O-O O-O 10. Qf3 Bb7 11. a3 Bxc3 12. bxc3 Re8 13. Re1 c5 14. Qg3 Kh8 15. f3 Rb8 16. Bd2 Nd7 17. Kh1 Qf6 18. Rab1 Bc6 19. a4 Bxa4 20. Ra1 Nb6 21. Reb1 c4 22. Bxc4 Nxc4 23. Rxb8 Rxb8 24. Rxa4 Nxd2 25. Qf2 Rb1+ 26. Kh2 Qf4+ 27. g3 Qxf3 28. Qxf3 Nxf3+ 29. Kg2 Ne1+ 30. Kf2 Nxc2 31. Rxa7 c5 32. Rxf7 Rb3 33. Rd7 Rxc3 34. Rxd6 Nd4 35. e5 Rc2+ 36. Kf1 Nf5 37. Rd3 c4 38. Rf3 Nd4 39. Re3 Ne6 40. Ke1 Kg8 41. Kd1 Rh2 42. h4 Kf7 43. Rc3 Rg2 44. Rxc4 Rxg3 45. Ke2 Ra3 46. Rg4 Ra5 47. Re4 Kg6 48. Kf3 Ra3+ 49. Kg2 Kf5 50. Re1 Nf4+ 51. Kf2 Nd3+ 0-1

[Event "CYCC U12"]
[Site "Sault Ste Marie CAN"]
[Date "2017.07.10"]
[Round "7.59"]
[White "Kang, Dorian"]
[Black "Issani, Nameer"]
[Result "1-0"]
[WhiteElo "2026"]
[BlackElo "2157"]
[WhiteFideId "-1"]
[WhiteFideId "-1"]
[PlyCount "149"]
[GameId "2160767908410415"]
[EventDate "2017.07.06"]
[EventType "swiss"]
[EventRounds "7"]
[EventCountry "CAN"]
[SourceTitle "hb 2017"]

1. c4 e5 2. Nc3 Bb4 3. Nd5 Bc5 4. e3 c6 5. Nc3 d6 6. d4 Bb6 7. h3 Nf6 8. Nf3 e4 9. Nd2 d5 10. Qb3 O-O 11. Be2 Bf5 12. c5 Ba5 13. Qxb7 Qc7 14. Qxc7 Bxc7 15. b4 a6 16. O-O Nbd7 17. a4 Rfb8 18. Ba3 Nf8 19. Rfb1 Bd7 20. b5 Ba5 21. Bb4 Bxb4 22. Rxb4 axb5 23. Rab1 Ne6 24. axb5 cxb5 25. Bxb5 Ra3 26. R4b3 Rxb3 27. Rxb3 Bxb5 28. Rxb5 Rxb5 29. Nxb5 Kf8 30. Nb3 Ke7 31. Na5 Ne8 32. Kf1 f5 33. Nc6+ Kf6 34. Nc3 N6c7 35. Ke2 g5 36. g4 Ng7 37. Na7 fxg4 38. hxg4 h5 39. gxh5 Nxh5 40. Ncb5 Nxb5 41. Nxb5 Ke7 42. f3 Nf6 43. Nc3 Ke6 44. fxe4 dxe4 45. Nd1 Kd5 46. Nf2 Ke6 47. Nh1 Kd5 48. Ng3 Ke6 49. Nf1 Kd5 50. Nd2 Ng4 51. Nxe4 Nh6 52. Nxg5 Ng8 53. Kd3 Ne7 54. e4+ Kc6 55. Kc4 Nc8 56. d5+ Kd7 57. e5 Ne7 58. c6+ Ke8 59. Kc5 Ng6 60. Kd6 Ne7 61. c7 Nc8+ 62. Kc6 Ne7+ 63. Kb7 Kd7 64. e6+ Ke8 65. c8=Q+ Nxc8 66. Kxc8 Ke7 67. Kc7 Kf6 68. d6 Kg6 69. e7 Kh6 70. e8=Q Kg7 71. Qf7+ Kh6 72. Qh7+ Kxg5 73. Qf7 Kh6 74. Qg8 Kh5 75. d7 1-0

[Event "CYCC U12"]
[Site "Sault Ste Marie CAN"]
[Date "2017.07.10"]
[Round "7.60"]
[White "Bui, Alan"]
[Black "Gao, Raymond"]
[Result "1-0"]
[WhiteElo "1716"]
[BlackElo "1537"]
[WhiteFideId "-1"]
[WhiteFideId "-1"]
[PlyCount "79"]
[GameId "2160767908410416"]
[EventDate "2017.07.06"]
[EventType "swiss"]
[EventRounds "7"]
[EventCountry "CAN"]
[SourceTitle "hb 2017"]

1. d4 Nf6 2. Nf3 e6 3. Bf4 d5 4. e3 Bd6 5. Bg3 O-O 6. Bd3 b6 7. O-O Bb7 8. Nbd2 Bxg3 9. hxg3 Nbd7 10. Qe2 c5 11. c3 Qe7 12. Ne5 cxd4 13. exd4 Nxe5 14. dxe5 Nd7 15. Kh2 f6 16. exf6 Qxf6 17. Rh1 Qxf2 18. Qxe6+ Qf7 19. Qh3 g6 20. Nf3 Qg7 21. Rae1 Rae8 22. Ng5 Nc5 23. Bc2 Qd7 24. Qh4 Ne6 25. Ba4 b5 26. Bxb5 Bc6 27. Bxc6 Rf1 28. Rhxf1 Qb7 29. Bxb7 Nf8 30. Rxf8+ Kxf8 31. Qh6+ Kg8 32. Bxd5+ Re6 33. Bxe6+ Kh8 34. c4 a5 35. c5 a4 36. c6 a3 37. c7 axb2 38. c8=N b1=N 39. Nf7+ Kg8 40. Ne7# 1-0

[Event "CYCC U12"]
[Site "Sault Ste Marie CAN"]
[Date "2017.07.10"]
[Round "7.61"]
[White "Liu, Harry"]
[Black "Mukherjee, Pranoy"]
[Result "1-0"]
[WhiteElo "1734"]
[BlackElo "1048"]
[WhiteFideId "-1"]
[WhiteFideId "-1"]
[PlyCount "67"]
[GameId "2160767908410417"]
[EventDate "2017.07.06"]
[EventType "swiss"]
[EventRounds "7"]
[EventCountry "CAN"]
[SourceTitle "hb 2017"]

1. d4 d5 2. Nf3 Nf6 3. Bf4 Bf5 4. e3 e6 5. c4 c6 6. Nc3 Bb4 7. Rc1 Nbd7 8. Be2 Ne4 9. Qb3 Bxc3+ 10. bxc3 b6 11. O-O Ndf6 12. Qa4 O-O 13. Qxc6 Rc8 14. Qa4 a5 15. Qb3 Bg4 16. Rfd1 Nh5 17. Bg3 Nhxg3 18. hxg3 Qc7 19. Qc2 f5 20. Bd3 Rf6 21. Re1 dxc4 22. Bxe4 fxe4 23. Qxe4 Bxf3 24. gxf3 Qc6 25. Qxc6 Rxc6 26. Kg2 Kf7 27. Rb1 g5 28. e4 Kg6 29. Rb5 h5 30. Reb1 h4 31. Rxb6 Rxb6 32. Rxb6 hxg3 33. fxg3 Kh5 34. d5 1-0

[Event "CYCC U12"]
[Site "Sault Ste Marie CAN"]
[Date "2017.07.10"]
[Round "7.62"]
[White "Craciun, David"]
[Black "Chakkoli, Anirud"]
[Result "1-0"]
[WhiteElo "1617"]
[BlackElo "1174"]
[WhiteFideId "-1"]
[WhiteFideId "-1"]
[PlyCount "103"]
[GameId "2160767908410418"]
[EventDate "2017.07.06"]
[EventType "swiss"]
[EventRounds "7"]
[EventCountry "CAN"]
[SourceTitle "hb 2017"]

1. d4 Nf6 2. e3 g6 3. Bd3 Bg7 4. f4 d6 5. Nf3 Nc6 6. c3 b6 7. e4 e6 8. e5 dxe5 9. Nxe5 Bb7 10. Bb5 Qd5 11. Qa4 O-O 12. Bxc6 Bxc6 13. Qxc6 Qd8 14. Qf3 Rc8 15. Nc6 Qd6 16. O-O Nd5 17. Nxa7 Rcd8 18. Nb5 Qd7 19. a4 Qe7 20. Nd2 c5 21. dxc5 Qxc5+ 22. Kh1 Qe7 23. Ne4 Kh8 24. Be3 Rb8 25. Bd4 Bxd4 26. Nxd4 Rb7 27. Ng5 Rd7 28. Qh3 Nf6 29. Nc6 Qd6 30. Ne5 Re7 31. Ng4 Nh5 32. Ne4 Qc6 33. Ngf6 Nxf6 34. Nxf6 h5 35. Nxh5 Rc7 36. Qh4 f5 37. Ng3+ Kg7 38. Qg5 Rh8 39. Rfe1 Rd7 40. Ne2 Rd2 41. Nd4 Qd5 42. Rxe6 Qxe6 43. Nxe6+ Kf7 44. Nd4 Rxb2 45. Re1 Rc8 46. h3 Rxc3 47. Nf3 Rcc2 48. Ne5+ Ke6 49. Qxg6+ Ke7 50. Qf7+ Kd6 51. Rd1+ Kc5 52. Qe7# 1-0

[Event "CYCC U12"]
[Site "Sault Ste Marie CAN"]
[Date "2017.07.10"]
[Round "7.63"]
[White "Guo, Roger"]
[Black "Vo, Andy"]
[Result "0-1"]
[WhiteElo "1230"]
[BlackElo "1512"]
[WhiteFideId "-1"]
[WhiteFideId "-1"]
[PlyCount "52"]
[GameId "2160767908410419"]
[EventDate "2017.07.06"]
[EventType "swiss"]
[EventRounds "7"]
[EventCountry "CAN"]
[SourceTitle "hb 2017"]

1. d4 Nf6 2. Nf3 e6 3. Nbd2 d5 4. e3 c5 5. b3 Nc6 6. Bb2 cxd4 7. Nxd4 Be7 8. a3 a6 9. Bd3 O-O 10. O-O Bd7 11. c4 Rc8 12. Qf3 Nxd4 13. Bxd4 dxc4 14. Bxc4 Bc6 15. e4 Qxd4 16. Rfd1 Qb6 17. Qf4 Qc7 18. e5 Nd5 19. Bxd5 Bxd5 20. Rac1 Qxc1 21. Rxc1 Rxc1+ 22. Nf1 Rfc8 23. h3 Re1 24. Qg3 Rcc1 25. Qg4 Rxf1+ 26. Kh2 Rxf2 0-1

[Event "CYCC U12"]
[Site "Sault Ste Marie CAN"]
[Date "2017.07.10"]
[Round "7.64"]
[White "Stopic, Alexander"]
[Black "Lu, Lucas Yunkun"]
[Result "0-1"]
[WhiteElo "1502"]
[BlackElo "1299"]
[WhiteFideId "-1"]
[WhiteFideId "-1"]
[PlyCount "87"]
[GameId "2160767908410420"]
[EventDate "2017.07.06"]
[EventType "swiss"]
[EventRounds "7"]
[EventCountry "CAN"]
[SourceTitle "hb 2017"]

1. e4 c5 2. Nf3 d6 3. d4 cxd4 4. Nxd4 Nf6 5. Nc3 g6 6. Be3 Bg7 7. Qd2 Ng4 8. Be2 Nxe3 9. Qxe3 O-O 10. h4 Qb6 11. O-O-O Nc6 12. Nxc6 Qxe3+ 13. fxe3 bxc6 14. h5 a5 15. Na4 Be6 16. a3 Rab8 17. hxg6 hxg6 18. g4 c5 19. g5 Bd7 20. Nc3 Be6 21. Rh4 c4 22. e5 Bxe5 23. Bxc4 Bxc4 24. Rxc4 Rfc8 25. Rxc8+ Rxc8 26. Nd5 Re8 27. b3 Kg7 28. a4 e6 29. Nb6 d5 30. e4 dxe4 31. Nc4 Bf4+ 32. Kb2 Ra8 33. Re1 Bxg5 34. Rxe4 Bf6+ 35. c3 g5 36. Kc2 Ra6 37. Ne3 Kg6 38. c4 Be7 39. Kd3 Bb4 40. Nc2 Rd6+ 41. Ke2 Rd2+ 42. Kf3 Rxc2 43. Re5 Rc3+ 44. Kg4 0-1

[Event "CYCC U12"]
[Site "Sault Ste Marie CAN"]
[Date "2017.07.10"]
[Round "7.65"]
[White "Gaisinsky, Jacob"]
[Black "Butchart, Kevin"]
[Result "0-1"]
[WhiteElo "943"]
[BlackElo "1363"]
[WhiteFideId "-1"]
[WhiteFideId "-1"]
[PlyCount "58"]
[GameId "2160767908410421"]
[EventDate "2017.07.06"]
[EventType "swiss"]
[EventRounds "7"]
[EventCountry "CAN"]
[SourceTitle "EXT 2022"]
[Source "ChessBase"]
[SourceDate "2021.10.06"]
[SourceVersion "1"]
[SourceVersionDate "2021.10.06"]
[SourceQuality "1"]

1. e4 c5 2. d4 cxd4 3. c3 d3 4. Bxd3 d6 5. Nf3 Nc6 6. O-O Nf6 7. Re1 Qc7 8. Bf4 e5 9. Bg5 Be7 10. Nbd2 h6 11. Bh4 O-O 12. Nf1 Nh5 13. Nxe5 Nxe5 14. Qxh5 Bxh4 15. Qxh4 Nxd3 16. Re3 Nxb2 17. Rg3 Kh8 18. Ne3 Nc4 19. Nf5 Bxf5 20. exf5 Ne5 21. f6 Ng6 22. fxg7+ Kxg7 23. Qd4+ Kh7 24. h4 Qc5 25. Qg4 Qe5 26. Rf1 Qf4 27. Qd7 Qxh4 28. Rxg6 Kxg6 29. Qxd6+ Qf6 0-1

[Event "CYCC U12"]
[Site "Sault Ste Marie CAN"]
[Date "2017.07.10"]
[Round "7.66"]
[White "Yang, Henry"]
[Black "Feng, Richard2"]
[Result "1-0"]
[WhiteElo "1318"]
[BlackElo "1164"]
[WhiteFideId "-1"]
[WhiteFideId "-1"]
[PlyCount "49"]
[GameId "2160767908410422"]
[EventDate "2017.07.06"]
[EventType "swiss"]
[EventRounds "7"]
[EventCountry "CAN"]

1. e4 c5 2. Nf3 d6 3. d4 cxd4 4. Nxd4 Nf6 5. Nc3 e5 6. Nb3 Be6 7. f3 a6 8. a4 Nbd7 9. Be3 Be7 10. Be2 O-O 11. O-O Ne8 12. Qd2 f5 13. Rad1 f4 14. Bf2 Rf6 15. Bh4 Rg6 16. Bxe7 Qxe7 17. Rf2 Rd8 18. Nd5 Qg5 19. Bf1 Kh8 20. Qa5 Bxd5 21. Qxd5 Rb8 22. Qf7 Ndf6 23. Qf8+ Ng8 24. Bc4 Nef6 25. Qxb8 1-0

[Event "CYCC U12"]
[Site "Sault Ste Marie CAN"]
[Date "2017.07.10"]
[Round "7.67"]
[White "Ran, Charles"]
[Black "Greco, Justin"]
[Result "1-0"]
[WhiteElo "1300"]
[BlackElo "918"]
[WhiteFideId "-1"]
[WhiteFideId "-1"]
[PlyCount "103"]
[GameId "2160767908410423"]
[EventDate "2017.07.06"]
[EventType "swiss"]
[EventRounds "7"]
[EventCountry "CAN"]
[SourceTitle "hb 2017"]

1. d4 d5 2. c4 dxc4 3. e4 Nf6 4. e5 Nd5 5. Bxc4 Bf5 6. Nc3 e6 7. Nf3 Bb4 8. Bd2 h6 9. O-O Nc6 10. a3 Ba5 11. b4 Bb6 12. Bb5 Nde7 13. Be3 a6 14. Ba4 O-O 15. Bxc6 bxc6 16. Qd2 Kh7 17. Rad1 Nd5 18. Nxd5 cxd5 19. g3 a5 20. b5 a4 21. Nh4 Ba5 22. Qe2 Bh3 23. Ng2 f5 24. Rd3 Bg4 25. f3 Bh5 26. Rc1 Rb8 27. Nf4 Bg4 28. fxg4 fxg4 29. Nxe6 Qe7 30. Nxf8+ Rxf8 31. Bd2 Bxd2 32. Rxd2 Qf7 33. Qxg4 Kh8 34. Qe2 Rc8 35. Rf1 Qe8 36. Qd3 Rb8 37. Rdf2 Kg8 38. Rf8+ Qxf8 39. Rxf8+ Kxf8 40. Qf3+ Kg8 41. Qxd5+ Kh8 42. e6 Re8 43. Qd7 Rg8 44. e7 c6 45. e8=Q Rxe8 46. Qxe8+ Kh7 47. Qxc6 g5 48. b6 h5 49. b7 g4 50. b8=Q h4 51. Qbb7+ Kg8 52. Qe8# 1-0

[Event "CYCC U12"]
[Site "Sault Ste Marie CAN"]
[Date "2017.07.10"]
[Round "7.68"]
[White "Brunet, Marc-Antoine"]
[Black "Mugunthan, Vaamanan"]
[Result "0-1"]
[WhiteElo "850"]
[BlackElo "865"]
[WhiteFideId "-1"]
[WhiteFideId "-1"]
[PlyCount "114"]
[GameId "2160767908410425"]
[EventDate "2017.07.06"]
[EventType "swiss"]
[EventRounds "7"]
[EventCountry "CAN"]
[SourceTitle "hb 2017"]

1. d4 Nf6 2. e3 e6 3. Bd3 Nc6 4. Nf3 d6 5. c3 e5 6. Nbd2 Be6 7. Be4 Nxe4 8. Nxe4 d5 9. Nc5 Bxc5 10. dxc5 e4 11. Nd4 Nxd4 12. cxd4 O-O 13. O-O Qg5 14. Kh1 Bd7 15. f4 Qh4 16. Qe1 Qxe1 17. Rxe1 b6 18. Bd2 Rfe8 19. cxb6 axb6 20. Rec1 c6 21. a4 Rec8 22. b4 b5 23. axb5 Rxa1 24. Rxa1 cxb5 25. Rc1 Rxc1+ 26. Bxc1 f5 27. h3 Kf7 28. Kh2 Kf6 29. Kg3 h6 30. Kh4 Kg6 31. g4 fxg4 32. hxg4 Kf6 33. g5+ hxg5+ 34. fxg5+ Kg6 35. Bd2 Kh7 36. Be1 g6 37. Bg3 Be6 38. Be5 Kg8 39. Kg3 Bf5 40. Kf4 Kf7 41. Bf6 Ke6 42. Bd8 Kd6 43. Bb6 Ke6 44. Bc5 Bh3 45. Bb6 Bf1 46. Bc5 Bc4 47. Be7 Kxe7 48. Ke5 Bb3 49. Kf4 Ke6 50. Kg4 Bd1+ 51. Kf4 Bf3 52. Kg3 Kf5 53. Kh4 Bh5 54. Kg3 Kxg5 55. Kh3 Kf5 56. Kg3 g5 57. Kg2 Kg4 0-1